000 00288nam a2200121 a 4500
008 130429s1990|||| d
100 1 _aMancová, Božena
245 1 0 _aAko tvoriť textilné doplnky
260 _bAlfa
_aBratislava
_c1990
020 _c0
041 _aslo
044 _axo
_cSK
999 _c20250
_d20250